A Whale of a Problem: A Strategic Communication Analysis of SeaWorld Entertainment’s Multi-Year Blackfish Crisis (Record no. 299992)
[ view plain ]
| 000 -LEADER | |
|---|---|
| fixed length control field | 00499nam a2200133Ia 4500 |
| 008 - FIXED-LENGTH DATA ELEMENTS--GENERAL INFORMATION | |
| fixed length control field | 160809s9999 xx 000 0 und d |
| 100 ## - MAIN ENTRY--PERSONAL NAME | |
| Personal name | Duhon, Stefani. |
| 245 #2 - TITLE STATEMENT | |
| Title | A Whale of a Problem: A Strategic Communication Analysis of SeaWorld Entertainment’s Multi-Year Blackfish Crisis |
| 245 ## - TITLE STATEMENT | |
| Statement of responsibility, etc | Stefani Duhon, Kelli Ellison & Matthew W. Ragas |
| 260 ## - PUBLICATION, DISTRIBUTION, ETC. (IMPRINT) | |
| Name of publisher, distributor, etc | Case Studies in Strategic Communication |
| 260 ## - PUBLICATION, DISTRIBUTION, ETC. (IMPRINT) | |
| Date of publication, distribution, etc | 2016 |
| 650 ## - SUBJECT ADDED ENTRY--TOPICAL TERM | |
| General subdivision | COMMUNICATION |
| 856 ## - ELECTRONIC LOCATION AND ACCESS | |
| Uniform Resource Identifier | <a href="http://cssc.uscannenberg.org/cases/v5/">http://cssc.uscannenberg.org/cases/v5/</a> |
| Withdrawn status | Lost status | Damaged status | Home library | Current library | Date acquired | Total Checkouts | Date last seen | Price effective from | Koha item type |
|---|---|---|---|---|---|---|---|---|---|
| College Library | College Library | 08/09/2016 | 08/09/2016 | 08/09/2016 | Foreign e-journal articles |